ბათუმის შოთა რუსთაველის სახელმწიფო უნივერსიტეტის ბიბლიოთეკა

იყო და არა იყო რა, 1987-1991 : (ბიბ.ჩანაწერი № 55049)

000 -ლიდერი
ფიქსირებული სიგრძის საკონტროლო ველი 01393nam a2200265Ia 4500
001 - საკონტროლო ნომერი
საკონტროლო ველი 22124
003 - საკონტროლო ნომრის იდენტიფიკატორი
საკონტროლო ველი GE_BSU
005 - ბოლო ოპერაციის თარიღი და დრო
საკონტროლო ველი 20221107115822.0
008 - ფიქსირებული სიგრძის მონაცემთა ელემენტები - ზოგადი ინფორმაცია
ფიქსირებული სიგრძის საკონტროლო ველი 181216s ||||ge |||||||||||||| ||geo||
020 ## - წიგნის საერთაშორისო სტანდარტული ნომერი
International Standard Book Number 9789941233289
040 ## - კატალოგიზაციის წყარო
Transcribing agency GE_BSU
041 ## - ენის კოდი
Language code of text/sound track or separate title geo
080 ## - უნივერსალური ათობითი კლასიფიკაციის ინდექსი
Universal Decimal Classification number 821.353.1-311.6 ტ-92
100 ## - მთავარი ჩანაწერი - პიროვნების სახელი
Personal name ტურაშვილი, დათო
9 (RLIN) 1369
245 ## - ცნობა სათაურის შესახებ
Title იყო და არა იყო რა, 1987-1991 :
Remainder of title (ისტერიული რომანი) /
Statement of responsibility, etc დათო ტურაშვილი ; რედ. ნინო გოგალაძე ; დიზაინერები : ია მახათაძე, თამარ თათელაძე, ლადო ლომსაძე.
264 ## - წარმოების, გამოცემის, დისტრიბუციის და სხვა ცნობები
გამოცემის, წარმოების, დისტრიბუციის... ადგილი თბილისი :
გამოცემის, წარმოების, დისტრიბუციის... სახელწოდება ბაკურ სულაკაურის გამ-ბა,
გამოცემის, წარმოების, დისტრიბუციის... თარიღი 2016.
300 ## - ფიზიკური აღწერა
Extent 156 გვ. ;
Dimensions 19 სმ.
653 ## - INDEX TERM--UNCONTROLLED
Uncontrolled term იყო და არა იყო რა, 1987-1991 : (ისტერიული რომანი)
653 ## - INDEX TERM--UNCONTROLLED
Uncontrolled term მხატვრული ლიტერატურა
700 ## - ADDED ENTRY--PERSONAL NAME
Personal name გოგალაძე, ნინო
Relator term რედაქტორი
9 (RLIN) 12334
700 ## - ADDED ENTRY--PERSONAL NAME
Personal name მახათაძე, ია
Relator term დიზაინერი
9 (RLIN) 5299
700 ## - ADDED ENTRY--PERSONAL NAME
Personal name თათელაძე, თამარ
Relator term დიზაინერი
9 (RLIN) 14183
942 ## - ADDED ENTRY ELEMENTS (KOHA)
Koha item type წიგნი
Source of classification or shelving scheme
ეგზემპლარები
ჩამოწერის სტატუსი დაკარგული ეგზემპლარის სტატუსი კლასიფიკაციის წყარო ან თაროზე გაწყობის სქემა დაზიანების სტატუსი არ გაიცემა მუდმივი მდებარეობა (დაცვის ადგილი) ამჟამინდელი ადგილსამყოფელი თაროზე განთავსების ადგილი შეძენის თარიღი ღირებულება, შესყიდვის ნორმალური ფასი სრული შენახვის შიფრი შტრიხკოდი ბოლო ოპერაციის თარიღი ეგზემპლარის მიმდევრობითი ნომერი (კეტერი?) ფასის ძალაში შესვლის თარიღი ეგზემპლარის სახეობა საჯარო შენიშვნა
          ბათუმის შოთა რუსთაველის სახელმწიფო უნივერსიტეტის მთავარი ბიბლიოთეკა ბათუმის შოთა რუსთაველის სახელმწიფო უნივერსიტეტის მთავარი ბიბლიოთეკა წიგნსაცავი 2018-12-17 6.60 821.353.1-311.6 ტ-92 57080 2018-12-17 57080 2018-12-17 წიგნი 6.60 ₾.
          ბათუმის შოთა რუსთაველის სახელმწიფო უნივერსიტეტის მთავარი ბიბლიოთეკა ბათუმის შოთა რუსთაველის სახელმწიფო უნივერსიტეტის მთავარი ბიბლიოთეკა წიგნსაცავი 2018-12-17 6.60 821.353.1-311.6 ტ-92 57081 2018-12-17 57081 2018-12-17 წიგნი 6.60 ₾.
          ბათუმის შოთა რუსთაველის სახელმწიფო უნივერსიტეტის მთავარი ბიბლიოთეკა ბათუმის შოთა რუსთაველის სახელმწიფო უნივერსიტეტის მთავარი ბიბლიოთეკა წიგნსაცავი 2018-12-17 6.60 821.353.1-311.6 ტ-92 57082 2018-12-17 57082 2018-12-17 წიგნი 6.60 ₾.